Statistics for Mountains of the world: Part I- South America

Click here to take the quiz!

General Stats

  • This quiz has been taken 45 times
  • The average score is 6 of 23

Answer Stats

HintAnswer% Correct
Highest point in ArgentinaCerro Aconcagua
80%
Above is in what mountain rangeAndes Mountains
70%
Highest point in EcuadorChimborazo
60%
Highest point in BrazilPico da Neblina
55%
Monte Pissis, the third highest point, in S. America is located in what country?Argentina
50%
Highest point in PeruHuascaran
45%
Highest point in ChileNevado Ojos Del Salado
40%
Above is in what province?Mendoza
35%
Highest point in Bolivia?Nevado Sajama
25%
Highest point in Uruguay?Cerro Catedral
20%
Highest point in VenezuelaPico Bolivar
20%
Both highest points of Colombia are in what mountain range?Sierra Nevada de Santa Marta
20%
Highest point in Paraguay?Cerro Tres Kandu
15%
Above is in what cordilleraCordillera de Merida
15%
Above is in what highlands?Guiana Highlands
15%
Highest point in GuyanaMount Roraima
15%
Above is in what mountain range?Cordillera Occidental
10%
Highest point in SurinameJulianatop
10%
Above is in what mountain range?Cuchilla Grande
5%
Above is in what mountain rangeSerra do Imeri
5%
Pico Parana is the highest point in what mountain range?Serra do Mar
5%
Above is in what mountain range?Wilhelmina Mountains
5%
Above is in what range of hills?Ybytyruzu
5%

Score Distribution

Percentile by Number Answered

Percent of People with Each Score

Your Score History

You have not taken this quiz